000 00605nam a2200217 a 4500
999 _c7967
_d7967
001 7967
003 BD-JhCC
005 20180217094916.0
008 180217s1976 bg |||| || | 000 0 eng d
035 _a(BD-JhCC)7967
040 _aBD-JhCC
_dBD-JhCC
041 _aeng
082 _a301.45297105414
_bISL 1976
100 _aIslam, Sirajul
245 _aFazlul Huq Speaks in Council 1913-1916 /
_cSirajul Islam,
260 _aDhaka :
_bBangladesh Itihas Samiti,
_c1976
300 _a78 p. :
_c22 cm.
650 _aMuslims
_xPolitical Activity
_zBangladesh and India
942 _2ddc
_cBK